Conceptualising Immersive Journalism.

Salvato in:
Dettagli Bibliografici
Autore principale: Sánchez Laws, Ana Luisa (Autore)
Natura: Sconosciuto
Lingua:inglese
Pubblicazione: London, UK; New York, USA: Routledge Taylor & Francis Group, 2022.
Serie:Disruptions. Studies in Digital Journalism.
Soggetti:
Tags: Aggiungi Tag
Nessun Tag, puoi essere il primo ad aggiungerne!!

MARC

LEADER 00000 a2200000 4500
003 CL-VaPUC
005 20240117155529.0
008 240115t2022 ||||| |||| 00| 0 eng d
999 |c 442503  |d 442501 
020 |a 978-1-03-233799-9 
040 |c Pontificia Universidad Católica de Valparaíso 
082 |2 22  |a 070.40113 SAN 2022 
100 |a Sánchez Laws, Ana Luisa  |9 885814  |e author  
245 |a Conceptualising Immersive Journalism.  
260 |a London, UK;   |a New York, USA:  |b Routledge Taylor & Francis Group,   |c 2022. 
300 |a 104 páginas. 
490 |a Disruptions. Studies in Digital Journalism. 
583 |k GC  |c 20240115 
650 0 |9 310113  |a Periodismo   |x Medios digitales   |x Realidad virtual 
650 0 |9 887176  |a Periodismo inmersivo   |x Tecnologías 3D  |x Aspectos teóricos y éticos  
942 |2 ddc  |c BK 
952 |0 0  |1 0  |2 ddc  |4 0  |6 070_401130000000000_SAN_2022  |7 0  |8 A  |9 593280  |a BIBCUR  |b BIBCUR  |d 2024-01-11  |e 3  |g 21217.00  |i 5660096  |o 070.40113 SAN 2022  |p 5660096  |r 2025-04-22  |t 1  |v 21217.00  |w 2024-01-11  |y BK  |k PER